Utazási irodák a generációk keresztmetszetében Hogyan alkalmazkodjanak az X és Z generációk eltérő igényeihez?

Bibliográfiai részletek
Szerző: Harasztos Zsófia
További közreműködők: Kovács Dr. Edina
Dokumentumtípus: Diplomadolgozat
Kulcsszavak:alkalmazkodás
digitális kor
utazási irodák
utazásszervezés
Z generáció
Online Access:http://dolgozattar.uni-bge.hu/59898

MARC

LEADER 00000nta a2200000 i 4500
001 dolg59898
005 20260409145721.0
008 260409suuuu hu om 000 hun d
040 |a BGE Dolgozattár Repozitórium  |b hun 
041 |a hu 
100 1 |a Harasztos Zsófia 
245 1 0 |a Utazási irodák a generációk keresztmetszetében  |b Hogyan alkalmazkodjanak az X és Z generációk eltérő igényeihez?  |c Harasztos Zsófia  |h [elektronikus dokumentum] 
520 3 |a E dolgozat célja, feltárni azt, hogy hogyan alakíthatják a turizmus szereplői, a szakdolgozatom esetében különösen a hagyományos utazási irodák a szolgáltatásaikat úgy, hogy azok megfeleljenek a fiatalabb generációk, főként a Z generáció, elvárásainak.Milyen módon lehet a két generáció (X és Z ) igényeihez igazítani a szolgáltatásokat, és hogy kialakítható-e hosszú távú lojalitás, ha a klasszikus utazási irodák rugalmasan alkalmazkodnak a megváltozott piaci elvárásokhoz.A kutatásban a hangsúly azon lesz, hogy megértsük, hogyan használja a két generáció a különböző utazási szolgáltatásokat (pl. online felületek, utazási irodák), és milyen tényezők befolyásolják az utazás során hozott döntéseiket. A dolgozat áttekintést nyújt, a fogyasztói magatartásról, trendekről és ellentrendekről, piaci szegmentációkról fókuszálva az X és Z generációra. 
695 |a alkalmazkodás 
695 |a digitális kor 
695 |a utazási irodák 
695 |a utazásszervezés 
695 |a Z generáció 
700 1 |a Kovács Dr. Edina  |e ths 
856 4 0 |u http://dolgozattar.uni-bge.hu/59898/1/Utaz%C3%A1si%20irod%C3%A1k%20a%20gener%C3%A1ci%C3%B3k%20keresztmetszet%C3%A9ben_%20Hogyan%20alkalmazkodjanak%20az%20X%20%C3%A9s%20Z%20gener%C3%A1ci%C3%B3k%20elt%C3%A9r%C5%91%20ig%C3%A9nyeihez%20m%C3%A1solata.pdf  |z Dokumentum-elérés 
856 4 0 |u http://dolgozattar.uni-bge.hu/59898/2/Utaz%C3%A1si%20irod%C3%A1k%20a%20gener%C3%A1ci%C3%B3k%20keresztmetszet%C3%A9ben_%20Hogyan%20alkalmazkodjanak%20az%20X%20%C3%A9s%20Z%20gener%C3%A1ci%C3%B3k%20elt%C3%A9r%C5%91%20ig%C3%A9nyeihez%20m%C3%A1solata.pdf  |z Dokumentum-elérés 
856 4 0 |u http://dolgozattar.uni-bge.hu/59898/3/Harasztos%20Zs%C3%B3fia%20Szakdolgozat%20%C3%A9rt%C3%A9kel%C5%91%20Bsc.pdf  |z Dokumentum-elérés 
856 4 0 |u http://dolgozattar.uni-bge.hu/59898/4/Harasztos_Zso%CC%81fia_konzulensi_biralat_KE.pdf  |z Dokumentum-elérés